000 00640cam a2200229 4500
001 D15120
008 090401t1981 xxu||||| |||| 00| 0 eng d
022 _a0143-3342
035 _a(Sirsi) u20352
041 _aeng
050 _a333.337
090 _aRICS 1981/67ABC
110 _aRoyal Institution of Chartered Surveyors
_94900
245 _aBuilding management manuals: a guide for practitioners
260 _aLondon
_bSurveyors` Publications
_c1981
300 _a12p. 30cm
350 _a2.6
490 _aRICS Building Surveying Practice Note
_v5
710 _aBuilding Surveyors Division
942 _n0
948 _c04/03/1997
999 _c87805
_d87805